[Event "Riga Tech Rapid op"]
[Site "Riga"]
[Date "2021.08.08"]
[Round "2"]
[White "Mariano, Elia"]
[Black "Pakalns, Raivis Kristians"]
[Result "1-0"]
[WhiteElo "2213"]
[BlackElo "1820"]
[PlyCount "81"]
[EventDate "2021.08.08"]
[EventType "swiss (rapid)"]
[EventRounds "9"]
[EventCountry "LAT"]
[SourceTitle "CBM 203 Extra"]
[Source "ChessBase"]
[SourceDate "2021.09.30"]
[SourceVersion "1"]
[SourceVersionDate "2021.09.30"]
[SourceQuality "1"]

1. d4 g6 2. Nf3 Bg7 3. g3 d6 4. Bg2 Nd7 5. 0-0 c5 6. c3 Ngf6 7. Re1 0-0 8. e4 cxd4 9. cxd4 Nb6 10. Nc3 Re8 11. a4 a6 12. a5 Nc4 13. Qa4 d5 14. Nxd5 Nxd5 15. Qxc4 Nc7 16. Bf4 Nb5 17. e5 Be6 18. Qb4 Bd5 19. Rac1 Qd7 20. Be3 Rac8 21. h4 e6 22. Red1 Bf8 23. Qe1 Rxc1 24. Rxc1 Bxf3 25. Bxf3 Nxd4 26. Bg2 Nc6 27. Bxc6 bxc6 28. Qc3 Rc8 29. Qc4 Qc7 30. Qxa6 Rd8 31. Bb6 Qd7 32. Bxd8 Qxd8 33. Qb6 Qd2 34. Qe3 Qxb2 35. a6 c5 36. Qc3 Qb6 37. Ra1 Qa7 38. Qc4 Be7 39. Rb1 Bd8 40. Rb7 Qa8 41. Qb5 1-0

[Event "Riga Tech Rapid op"]
[Site "Riga"]
[Date "2021.08.08"]
[Round "9"]
[White "Petkov, Momchil"]
[Black "Mariano, Elia"]
[Result "1-0"]
[WhiteElo "2443"]
[BlackElo "2213"]
[PlyCount "81"]
[EventDate "2021.08.08"]
[EventType "swiss (rapid)"]
[EventRounds "9"]
[EventCountry "LAT"]
[SourceTitle "CBM 203 Extra"]
[Source "ChessBase"]
[SourceDate "2021.09.30"]
[SourceVersion "1"]
[SourceVersionDate "2021.09.30"]
[SourceQuality "1"]

1. e4 e6 2. d4 d5 3. e5 c5 4. c3 Nc6 5. Nf3 Nh6 6. Bxh6 gxh6 7. Be2 cxd4 8. cxd4 Bg7 9. 0-0 0-0 10. Nbd2 f6 11. Bb5 fxe5 12. Bxc6 bxc6 13. Nxe5 c5 14. Ndf3 cxd4 15. Re1 Qb6 16. Qxd4 Qxd4 17. Nxd4 Rb8 18. b3 Rb4 19. Rad1 Rb6 20. g3 Bf6 21. Rc1 Bxe5 22. Rxe5 Kf7 23. Rc7+ Kf6 24. f4 Rb4 25. Nc2 Rb7 26. Rxb7 Bxb7 27. Nd4 Bc8 28. Kf2 Bd7 29. Ke3 Rc8 30. Kd2 Rc5 31. Re3 a5 32. Nf3 Rc8 33. Rc3 Kf5 34. Ne5 Rxc3 35. Kxc3 Be8 36. Kd4 h5 37. Ke3 Bb5 38. a3 Be8 39. b4 axb4 40. axb4 Bb5 41. Nf3 1-0

[Event "Arad op 10th"]
[Site "Arad"]
[Date "2017.08.12"]
[Round "8"]
[White "Mariano, Elia"]
[Black "Marjanovic, Annamaria"]
[Result "1/2-1/2"]
[WhiteElo "2203"]
[BlackElo "2354"]
[PlyCount "65"]
[EventDate "2017.08.06"]
[EventType "swiss"]
[EventRounds "9"]
[EventCountry "ROU"]
[SourceTitle "CBM 179 Extra"]
[Source "ChessBase"]
[SourceDate "2017.08.23"]
[SourceVersion "1"]
[SourceVersionDate "2017.08.23"]
[SourceQuality "1"]

1. d4 d5 2. c4 c6 3. cxd5 cxd5 4. Nf3 Nc6 5. Nc3 Nf6 6. Bf4 Ne4 7. e3 Nxc3 8. bxc3 e6 9. Bd3 Bd6 10. Bxd6 Qxd6 11. 0-0 h6 12. c4 dxc4 13. Bxc4 0-0 14. Qe2 b6 15. Rfc1 Bb7 16. Ba6 Rab8 17. Rc3 Ba8 18. Ne1 Nb4 19. Bb5 Rfc8 20. Rac1 Rxc3 21. Rxc3 Bd5 22. a4 Bb7 23. Qb2 a6 24. Be2 Nd5 25. Rc1 Qd7 26. Bd1 Bc6 27. Nd3 Qe8 28. Qa3 b5 29. axb5 axb5 30. Qd6 Rc8 31. Bf3 Ba8 32. Rxc8 Qxc8 33. Qc5 1/2-1/2

[Event "Arad op 10th"]
[Site "Arad"]
[Date "2017.08.11"]
[Round "7"]
[White "Toma, Radu Cristian"]
[Black "Mariano, Elia"]
[Result "1/2-1/2"]
[WhiteElo "2377"]
[BlackElo "2203"]
[PlyCount "134"]
[EventDate "2017.08.06"]
[EventType "swiss"]
[EventRounds "9"]
[EventCountry "ROU"]
[SourceTitle "CBM 179 Extra"]
[Source "ChessBase"]
[SourceDate "2017.08.23"]
[SourceVersion "1"]
[SourceVersionDate "2017.08.23"]
[SourceQuality "1"]

1. Nf3 d5 2. e3 c5 3. b3 Nc6 4. Bb2 Nf6 5. Bb5 Bd7 6. 0-0 e6 7. c4 a6 8. Ba4 Bd6 9. d4 cxd4 10. cxd5 exd5 11. Bxc6 bxc6 12. Qxd4 0-0 13. Nc3 Re8 14. Na4 Bg4 15. Rac1 Bxf3 16. gxf3 Be5 17. Qh4 Qd6 18. Rfd1 Bxb2 19. Nxb2 Qa3 20. Rd2 Qxa2 21. Qa4 Qxa4 22. bxa4 Re6 23. Rdc2 Rc8 24. Nd3 Nd7 25. Rb2 Kf8 26. Rb7 Ne5 27. Nxe5 Rxe5 28. Rc5 Re7 29. Rb6 Rec7 30. Rxa6 Ke7 31. e4 Kd6 32. Rxd5+ Ke6 33. Rc5 Kd6 34. Raa5 Rb8 35. e5+ Ke6 36. Ra6 Rb4 37. Kg2 g5 38. a5 Ra4 39. Rb6 Kd7 40. a6 Rc8 41. Kf1 Ra2 42. Kg2 Ra4 43. Kg3 Rc7 44. h3 Rc8 45. f4 gxf4+ 46. Kg4 Ke6 47. h4 Rc7 48. Rb7 Rxb7 49. axb7 Rb4 50. Rxc6+ Kxe5 51. Rc7 Kf6 52. h5 h6 53. Kf3 Kg5 54. Rxf7 Kxh5 55. Rg7 Kh4 56. Ke2 h5 57. Kf3 Kh3 58. Rf7 Kh2 59. Rh7 Kg1 60. Rg7+ Kh2 61. Rf7 Kg1 62. Rxf4 Rxb7 63. Kg3 Rg7+ 64. Kh3 Rg2 65. f3 Kf2 66. Ra4 Rg3+ 67. Kh4 Rxf3 1/2-1/2

[Event "Krakow op-A 27th"]
[Site "Krakow"]
[Date "2016.12.28"]
[Round "2"]
[White "Froewis, Annika"]
[Black "Mariano, Elia"]
[Result "1/2-1/2"]
[WhiteElo "2104"]
[BlackElo "2208"]
[PlyCount "93"]
[EventDate "2016.12.27"]
[EventType "swiss"]
[EventRounds "9"]
[EventCountry "POL"]
[SourceTitle "CBM 176 Extra"]
[Source "ChessBase"]
[SourceDate "2017.03.02"]
[SourceVersion "1"]
[SourceVersionDate "2017.03.02"]
[SourceQuality "1"]

1. e4 Nc6 2. d4 d5 3. e5 Bf5 4. Nf3 f6 5. Bb5 Qd7 6. exf6 gxf6 7. Nc3 0-0-0 8. Bf4 Qe6+ 9. Be2 Bh6 10. Bxh6 Nxh6 11. Qd2 Nf7 12. a3 Nd6 13. 0-0-0 Ne4 14. Qe3 Nxc3 15. Qxe6+ Bxe6 16. bxc3 Rhg8 17. Nh4 Bg4 18. f3 Bh5 19. c4 Bf7 20. cxd5 Bxd5 21. g3 e5 22. dxe5 Nxe5 23. Rd4 Be6 24. Rhd1 Rxd4 25. Rxd4 Rd8 26. Rf4 Rf8 27. Ra4 a6 28. Re4 Bd7 29. f4 Ng6 30. Nxg6 hxg6 31. Re7 Re8 32. Rxe8+ Bxe8 33. h4 Kd7 34. Bf3 b6 35. g4 Ke6 36. Kd2 f5 37. Ke3 fxg4 38. Bxg4+ Kd5 39. Be2 a5 40. Bd3 b5 41. c3 c5 42. Kd2 b4 43. cxb4 cxb4 44. axb4 axb4 45. f5 gxf5 46. Bxf5 Kd4 47. Bc2 1/2-1/2

[Event "Krakow op-A 27th"]
[Site "Krakow"]
[Date "2016.12.27"]
[Round "1"]
[White "Mariano, Elia"]
[Black "Barski, Radoslaw"]
[Result "0-1"]
[WhiteElo "2208"]
[BlackElo "2422"]
[PlyCount "94"]
[EventDate "2016.12.27"]
[EventType "swiss"]
[EventRounds "9"]
[EventCountry "POL"]
[SourceTitle "CBM 176 Extra"]
[Source "ChessBase"]
[SourceDate "2017.03.02"]
[SourceVersion "1"]
[SourceVersionDate "2017.03.02"]
[SourceQuality "1"]

1. d4 Nf6 2. Nc3 d5 3. Bf4 e6 4. e3 a6 5. h3 c5 6. a3 Nc6 7. Nf3 Be7 8. Be2 0-0 9. 0-0 b5 10. Ne5 Nxe5 11. Bxe5 Nd7 12. Bg3 Qb6 13. Bf3 Bb7 14. Ne2 Rfc8 15. c3 a5 16. Qd2 b4 17. Rfc1 cxd4 18. cxd4 Rxc1+ 19. Nxc1 bxa3 20. bxa3 Rc8 21. Nd3 Ba6 22. Ne5 Nxe5 23. Bxe5 Bc4 24. Bd1 Qa6 25. Qb2 f6 26. Bg3 Bd3 27. Rc1 Rxc1 28. Qxc1 a4 29. Kh2 Qc4 30. Qb2 Qb5 31. Qc3 Bc4 32. Bc2 g6 33. f3 Kf7 34. e4 Bb3 35. Bd3 Qb6 36. Qb2 Qc6 37. e5 f5 38. Bf4 Bd8 39. Qc1 Bc4 40. Qc3 Qb5 41. Bc2 Ba5 42. Qe3 Qb2 43. Bxa4 Bc3 44. Bd7 Bxd4 45. Qe1 Bc3 46. Qg3 Qa1 47. h4 Bd4 0-1

[Event "Milan SSM August A"]
[Site "Milan"]
[Date "2015.08.02"]
[Round "4"]
[White "Mariano, Elia"]
[Black "Cazzaniga, Walter"]
[Result "1-0"]
[WhiteElo "2210"]
[BlackElo "2163"]
[PlyCount "57"]
[EventDate "2015.07.31"]
[EventType "swiss"]
[EventRounds "7"]
[EventCountry "ITA"]
[SourceTitle "EXT 2024"]
[Source "ChessBase"]
[SourceDate "2023.10.10"]
[SourceVersion "1"]
[SourceVersionDate "2023.10.10"]
[SourceQuality "1"]

1. d4 d5 2. Nc3 e6 3. Nf3 Nf6 4. Bg5 Be7 5. e3 0-0 6. Ne5 b6 7. f4 Bb7 8. Bxf6 Bxf6 9. Qf3 Bxe5 10. fxe5 f6 11. Qh3 f5 12. 0-0-0 Ba6 13. g4 f4 14. e4 c6 15. g5 Qe7 16. Qg4 Bxf1 17. Rhxf1 b5 18. Rxf4 Rxf4 19. Qxf4 b4 20. Ne2 Nd7 21. Ng3 a5 22. Qg4 a4 23. g6 hxg6 24. Qxg6 Nf8 25. Qg4 a3 26. b3 Nh7 27. h4 Rf8 28. Nh5 Kh8 29. Nf4 1-0

[Event "Milan SSM August A"]
[Site "Milan"]
[Date "2015.08.02"]
[Round "3"]
[White "Vezzosi, Paolo"]
[Black "Mariano, Elia"]
[Result "1-0"]
[WhiteElo "2349"]
[BlackElo "2210"]
[PlyCount "63"]
[EventDate "2015.07.31"]
[EventType "swiss"]
[EventRounds "7"]
[EventCountry "ITA"]
[SourceTitle "EXT 2024"]
[Source "ChessBase"]
[SourceDate "2023.10.10"]
[SourceVersion "1"]
[SourceVersionDate "2023.10.10"]
[SourceQuality "1"]

1. e4 e6 2. d4 d5 3. e5 c5 4. c3 Nc6 5. Nf3 Nh6 6. Bd3 Nf5 7. 0-0 cxd4 8. Bxf5 exf5 9. cxd4 Be7 10. b3 0-0 11. Ba3 Nb4 12. Qd2 Qa5 13. Ne1 Qb6 14. Nd3 a5 15. Nf4 Be6 16. Nc3 Rfc8 17. Rac1 Qd8 18. Na4 h6 19. Nc5 Bxc5 20. dxc5 Nc6 21. Rfd1 Qd7 22. Bb2 Rd8 23. Bd4 Qe7 24. Rc3 Rac8 25. Rdc1 Rc7 26. Rg3 Qh4 27. f3 Kh7 28. Bf2 Qe7 29. Nh5 Rg8 30. Re1 d4 31. h4 Qxc5 32. Rxg7+ 1-0

[Event "Milan SSM op"]
[Site "Milan"]
[Date "2015.01.29"]
[Round "6"]
[White "Giaretta, Fulvio"]
[Black "Mariano, Elia"]
[Result "0-1"]
[WhiteElo "1818"]
[BlackElo "2229"]
[PlyCount "68"]
[EventDate "2015.01.13"]
[EventType "swiss"]
[EventRounds "8"]
[EventCountry "ITA"]
[SourceTitle "EXT 2017"]
[Source "ChessBase"]
[SourceDate "2016.10.25"]
[SourceVersion "1"]
[SourceVersionDate "2016.10.25"]
[SourceQuality "1"]

1. e4 c6 2. d4 d5 3. Nc3 dxe4 4. Nxe4 Bf5 5. Ng3 Bg6 6. h4 h6 7. h5 Bh7 8. Bd3 Qxd4 9. Nf3 Qd8 10. Rh4 Bxd3 11. Rd4 Nd7 12. Qxd3 Ngf6 13. Be3 e6 14. 0-0-0 Bc5 15. Rc4 Bxe3+ 16. Qxe3 Qa5 17. Qb3 0-0 18. Ra4 Qc7 19. Rh4 Rad8 20. Ne2 Nc5 21. Qc4 Rxd1+ 22. Kxd1 Rd8+ 23. Kc1 Ncd7 24. Qc3 Qb6 25. Qd2 Qc5 26. Ng3 Qd5 27. b3 c5 28. Qe2 Qc6 29. Ne1 b5 30. f3 Nb6 31. Nd3 c4 32. Ne5 Qc5 33. Kb1 c3 34. b4 Qxe5 0-1

[Event "Milan SSM op 08"]
[Site "Milan"]
[Date "2013.08.01"]
[Round "2"]
[White "Pelizzola, Danilo"]
[Black "Mariano, Elia"]
[Result "1/2-1/2"]
[WhiteElo "2082"]
[BlackElo "2177"]
[PlyCount "108"]
[EventDate "2013.07.31"]
[EventType "swiss"]
[EventRounds "7"]
[EventCountry "ITA"]
[SourceTitle "EXT 2015"]
[Source "ChessBase"]
[SourceDate "2014.11.20"]
[SourceVersion "1"]
[SourceVersionDate "2014.11.20"]
[SourceQuality "1"]

1. e4 e6 2. d4 d5 3. Nc3 Nf6 4. Bg5 Bb4 5. e5 h6 6. Bd2 Bxc3 7. bxc3 Ne4 8. Bd3 Nxd2 9. Qxd2 c5 10. Nf3 Qa5 11. c4 Qxd2+ 12. Kxd2 dxc4 13. Bxc4 cxd4 14. Nxd4 Bd7 15. Rab1 Nc6 16. Nxc6 Bxc6 17. Ke3 0-0-0 18. f3 Rd7 19. Rhd1 Rhd8 20. Rxd7 Rxd7 21. a3 Bd5 22. Bd3 Rc7 23. g3 Rc3 24. Ra1 b6 25. f4 Bc6 26. Kd2 Rc5 27. Kc1 Bb5 28. Bxb5 Rxb5 29. c3 g5 30. Kc2 gxf4 31. gxf4 f6 32. Re1 fxe5 33. fxe5 Kd7 34. Re4 h5 35. Ra4 a5 36. Re4 Rc5 37. Kd3 b5 38. Re1 Kc6 39. Re4 Rd5+ 40. Kc2 Kd7 41. Kb3 Kc6 42. a4 Rc5 43. axb5+ Kxb5 44. c4+ Kb6 45. Kc3 a4 46. Kb4 Ra5 47. Re3 a3 48. Rxa3 Rxe5 49. c5+ Kc6 50. Ra6+ Kb7 51. Kb5 Re2 52. c6+ Kc8 53. h4 Re4 54. Ra4 Rxa4 1/2-1/2

[Event "Plovdiv Tringov Memorial 35th"]
[Site "Plovdiv"]
[Date "2013.02.05"]
[Round "3"]
[White "Vasilev, Milen"]
[Black "Mariano, Elia"]
[Result "1-0"]
[WhiteElo "2473"]
[BlackElo "2162"]
[PlyCount "64"]
[EventDate "2013.02.03"]
[EventType "swiss"]
[EventRounds "9"]
[EventCountry "BUL"]
[SourceTitle "CBM 152 Extra"]
[Source "ChessBase"]
[SourceDate "2013.02.25"]
[SourceVersion "1"]
[SourceVersionDate "2013.02.25"]
[SourceQuality "1"]

1. d4 d5 2. Nf3 Nf6 3. Bg5 e6 4. e3 c5 5. Nbd2 Nbd7 6. c3 Be7 7. Bd3 b6 8. Ne5 Nxe5 9. dxe5 Nd7 10. Bf4 Bb7 11. c4 g5 12. Bg3 dxc4 13. Be4 Qc7 14. Qf3 Bxe4 15. Nxe4 Rc8 16. 0-0-0 h5 17. h3 Rh6 18. Rd6 Nb8 19. Rhd1 b5 20. Nf6+ Kf8 21. Rxe6 Kg7 22. Nd5 fxe6 23. Nxc7 Rxc7 24. h4 g4 25. Qe4 Nc6 26. a3 Na5 27. Bf4 Rh8 28. Rd6 Kf7 29. Bg5 Bxd6 30. exd6 Rd7 31. Qf4+ Kg8 32. Be7 Rh7 1-0

[Event "Imperia op-A 54th"]
[Site "Imperia"]
[Date "2012.09.06"]
[Round "6"]
[White "Formento, Paolo"]
[Black "Mariano, Elia"]
[Result "1/2-1/2"]
[WhiteElo "2147"]
[BlackElo "2159"]
[PlyCount "108"]
[EventDate "2012.09.02"]
[EventType "swiss"]
[EventRounds "9"]
[EventCountry "ITA"]
[SourceTitle "EXT 2014"]
[Source "ChessBase"]
[SourceDate "2013.11.20"]
[SourceVersion "1"]
[SourceVersionDate "2013.11.20"]
[SourceQuality "1"]

1. d4 Nf6 2. Nf3 c5 3. e3 d5 4. b3 Nc6 5. Bb2 Bg4 6. Nbd2 cxd4 7. exd4 e6 8. Be2 Bd6 9. Ne5 Bxe2 10. Qxe2 Rc8 11. 0-0 0-0 12. f4 Re8 13. c3 Nd7 14. Qh5 g6 15. Qg4 f5 16. Qe2 Nf6 17. Rf2 a6 18. h3 b5 19. b4 Qb6 20. a4 Bf8 21. Nxc6 Rxc6 22. axb5 axb5 23. Ra5 Rb8 24. Rf1 Ne4 25. Nxe4 fxe4 26. Rfa1 Qc7 27. Qg4 Rcb6 28. Ra7 R8b7 29. Ra8 Qc6 30. h4 Rb8 31. Rxb8 Rxb8 32. h5 Kf7 33. hxg6+ hxg6 34. Ra7+ Rb7 35. Ra8 Rd7 36. Rb8 Rb7 37. Ra8 Rd7 38. Ra3 Rd8 39. Ra7+ Rd7 40. Ra1 Qb6 41. Qh4 Ra7 42. Qh7+ Bg7 43. Rf1 Ra2 44. Bc1 Qc7 45. f5 exf5 46. Qh2 Qc8 47. Qd6 Qc4 48. Qd7+ Kg8 49. Qe8+ Kh7 50. Rf4 Bxd4+ 51. Kh1 Kg7 52. Qe7+ Kg8 53. Qe8+ Kg7 54. Qe7+ Kg8 1/2-1/2

[Event "Civitanova Marche op"]
[Site "Civitanova Marche"]
[Date "2012.08.27"]
[Round "7"]
[White "Horvath, Jozsef"]
[Black "Mariano, Elia"]
[Result "1-0"]
[WhiteElo "2531"]
[BlackElo "2198"]
[PlyCount "41"]
[EventDate "2012.08.21"]
[EventType "swiss"]
[EventRounds "9"]
[EventCountry "ITA"]
[SourceTitle "CBM 150 Extra"]
[Source "ChessBase"]
[SourceDate "2012.10.19"]
[SourceVersion "1"]
[SourceVersionDate "2012.10.19"]
[SourceQuality "1"]

1. c4 e6 2. Nf3 d5 3. b3 Nf6 4. Bb2 c5 5. cxd5 exd5 6. g3 Nc6 7. Bg2 Be7 8. 0-0 0-0 9. d4 Re8 10. Nc3 Bg4 11. dxc5 Bxc5 12. Rc1 Bb6 13. h3 Bxf3 14. Bxf3 Nd4 15. Bg2 Nf5 16. Kh2 Ne4 17. Qxd5 Nxc3 18. Qxf5 Nxe2 19. Rcd1 Qe7 20. Rd7 Qe6 21. Qxe6 1-0

[Event "ITA-chT"]
[Site "Arvier"]
[Date "2012.04.30"]
[Round "5"]
[White "Mariano, Elia"]
[Black "Mocchi, Tullio"]
[Result "1/2-1/2"]
[WhiteElo "2156"]
[BlackElo "2270"]
[PlyCount "70"]
[EventDate "2012.04.27"]
[EventType "team-swiss"]
[EventRounds "7"]
[EventCountry "ITA"]
[SourceTitle "CBM 148 Extra"]
[Source "ChessBase"]
[SourceDate "2012.06.22"]
[SourceVersion "1"]
[SourceVersionDate "2012.06.22"]
[SourceQuality "1"]
[WhiteTeam "Eporediese Ivrea"]
[BlackTeam "Triestina"]
[WhiteTeamCountry "ITA"]
[BlackTeamCountry "ITA"]

1. d4 c6 2. c4 d5 3. Nf3 Nf6 4. Nc3 dxc4 5. a4 Bf5 6. e3 e6 7. Bxc4 Nbd7 8. 0-0 Bb4 9. Bd2 0-0 10. Ne4 Bxd2 11. Nxf6+ Nxf6 12. Qxd2 a5 13. Rfc1 Qe7 14. Bd3 Rfd8 15. Bxf5 exf5 16. Qe1 Ne4 17. Nd2 Nxd2 18. Qxd2 Rd5 19. g3 g6 20. Rc4 Qc7 21. Rac1 Rad8 22. Qc3 R8d6 23. Rc5 Qd8 24. Rxd5 Rxd5 25. Qb3 Qd7 26. Rc5 Kg7 27. Qb6 Rxc5 28. Qxc5 Qc7 29. d5 Qe5 30. Qxa5 Qxb2 31. dxc6 Qb1+ 32. Kg2 Qe4+ 33. Kg1 Qb1+ 34. Kg2 Qe4+ 35. Kg1 Qb1+ 1/2-1/2

[Event "ITA-chT"]
[Site "Arvier"]
[Date "2012.04.28"]
[Round "3"]
[White "Mariano, Elia"]
[Black "Bruno, Fabio"]
[Result "0-1"]
[WhiteElo "2156"]
[BlackElo "2435"]
[PlyCount "170"]
[EventDate "2012.04.27"]
[EventType "team-swiss"]
[EventRounds "7"]
[EventCountry "ITA"]
[SourceTitle "CBM 148 Extra"]
[Source "ChessBase"]
[SourceDate "2012.06.22"]
[SourceVersion "1"]
[SourceVersionDate "2012.06.22"]
[SourceQuality "1"]
[WhiteTeam "Eporediese Ivrea"]
[BlackTeam "Libertas Nereto"]
[WhiteTeamCountry "ITA"]
[BlackTeamCountry "ITA"]

1. d4 d5 2. c4 e6 3. Nc3 c6 4. cxd5 exd5 5. Bf4 Bf5 6. e3 Qb6 7. Qc1 Nf6 8. Nf3 Nbd7 9. Be2 h6 10. h3 Be7 11. 0-0 0-0 12. Ne5 Nxe5 13. Bxe5 Nd7 14. Bg3 Rfe8 15. Qd2 a5 16. Na4 Qb4 17. Qd1 Bf8 18. a3 Qe7 19. Rc1 Qf6 20. Bg4 b5 21. Nc3 a4 22. Bxf5 Qxf5 23. Ne2 Rac8 24. Qc2 Qxc2 25. Rxc2 Nb6 26. Nc1 Nc4 27. Nd3 f6 28. Rfc1 Kf7 29. Kf1 Re7 30. Re1 Rce8 31. Rce2 Rb7 32. Ra1 Ke6 33. Bh2 Kd7 34. g4 Kc8 35. Kg2 Rf7 36. Rc1 Kb7 37. Bg3 Kb6 38. Rd1 Ra7 39. Kf3 Rb7 40. Rc2 Ka5 41. Ra1 Rbe7 42. Re2 Kb6 43. Rc1 Re4 44. Rd1 g5 45. Rc2 Kb7 46. Re2 Kc8 47. Rde1 Kd7 48. Kg2 R4e6 49. Bh2 Na5 50. Rc2 Nb3 51. Rd1 Ra8 52. Nc1 Na1 53. Re2 Ree8 54. Bg3 Ra7 55. h4 Rb7 56. hxg5 hxg5 57. Rh1 Re7 58. f3 Nb3 59. Nxb3 axb3 60. Be1 Rf7 61. Bc3 b4 62. axb4 Bxb4 63. Rc1 Bd6 64. Be1 Rf8 65. Bg3 Rb4 66. Bxd6 Kxd6 67. Rh1 Rc4 68. Kg3 Ra8 69. Rd2 Ra2 70. Rhh2 Rc1 71. Rd3 Rg1+ 72. Kf2 Rb1 73. Rxb3 Raxb2+ 74. Rxb2 Rxb2+ 75. Kg3 Rxh2 76. Kxh2 c5 77. dxc5+ Kxc5 78. Kg3 Kc4 79. f4 Kc3 80. fxg5 fxg5 81. Kg2 Kc2 82. Kg1 Kd3 83. Kf2 Kd2 84. Kf3 Ke1 85. e4 d4 0-1

[Event "Liscate op"]
[Site "Liscate"]
[Date "2011.10.16"]
[Round "5"]
[White "Mariano, Elia"]
[Black "Gagliardi, Christian"]
[Result "1/2-1/2"]
[WhiteElo "2208"]
[BlackElo "2253"]
[PlyCount "147"]
[EventDate "2011.10.14"]
[EventType "swiss"]
[EventRounds "5"]
[EventCountry "ITA"]
[SourceTitle "EXT 2014"]
[Source "ChessBase"]
[SourceDate "2013.11.20"]
[SourceVersion "1"]
[SourceVersionDate "2013.11.20"]
[SourceQuality "1"]

1. d4 Nf6 2. c4 e6 3. g3 d5 4. Nf3 dxc4 5. Bg2 Nc6 6. 0-0 Rb8 7. e3 b5 8. b3 cxb3 9. axb3 a6 10. Qe2 Be7 11. Bb2 0-0 12. Rc1 Nb4 13. Ne5 Nd7 14. Nc6 Nxc6 15. Bxc6 Rb6 16. Qc2 Bd6 17. Nd2 Nb8 18. Bg2 Bb7 19. Ne4 Qe7 20. Nxd6 cxd6 21. Qc7 Qxc7 22. Rxc7 Bxg2 23. Kxg2 d5 24. Rac1 g6 25. Bc3 b4 26. Bd2 Rd8 27. e4 Kg7 28. Bg5 Rd7 29. e5 Rxc7 30. Bf6+ Kg8 31. Rxc7 Rc6 32. Rb7 Rc8 33. Rxb4 Nc6 34. Ra4 a5 35. Bg5 Rb8 36. Bd2 Rxb3 37. Bxa5 Nxa5 38. Rxa5 Rb4 39. f4 Rxd4 40. h4 Kg7 41. Ra7 h6 42. Kf3 Re4 43. Ra8 Rb4 44. Ra7 Rb3+ 45. Kf2 Rc3 46. Rb7 Rc8 47. Rd7 Kf8 48. Ke3 Re8 49. g4 Ra8 50. f5 gxf5 51. gxf5 exf5 52. Kf4 Ra4+ 53. Kxf5 Rxh4 54. Rxd5 Ke7 55. Ra5 Rh5+ 56. Kf4 Rh1 57. Ra7+ Kf8 58. Kf5 Rf1+ 59. Kg4 Kg8 60. Rb7 Re1 61. Kf5 Kg7 62. Rb6 Rf1+ 63. Kg4 Rg1+ 64. Kf5 Rg5+ 65. Kf4 Rg6 66. Rb7 h5 67. Kf5 h4 68. Rb3 Kh6 69. Rb8 Kh5 70. Rh8+ Rh6 71. Rg8 h3 72. Rg5+ Kh4 73. Rg4+ Kh5 74. Rg5+ 1/2-1/2

[Event "Liscate op"]
[Site "Liscate"]
[Date "2011.10.15"]
[Round "3"]
[White "Mariano, Elia"]
[Black "Salvador, Roland"]
[Result "0-1"]
[WhiteElo "2208"]
[BlackElo "2501"]
[PlyCount "50"]
[EventDate "2011.10.14"]
[EventType "swiss"]
[EventRounds "5"]
[EventCountry "ITA"]
[SourceTitle "EXT 2014"]
[Source "ChessBase"]
[SourceDate "2013.11.20"]
[SourceVersion "1"]
[SourceVersionDate "2013.11.20"]
[SourceQuality "1"]

1. d4 d5 2. c4 c6 3. Nf3 Nf6 4. cxd5 cxd5 5. Nc3 Nc6 6. Bf4 Ne4 7. e3 Nxc3 8. bxc3 g6 9. Be2 Bg7 10. 0-0 0-0 11. c4 Bf5 12. cxd5 Qxd5 13. Qb3 Qd7 14. Bb5 Be4 15. Qa4 Bd5 16. Ne5 Qe6 17. Bxc6 bxc6 18. Rfc1 Bxe5 19. dxe5 Qg4 20. f3 Bxf3 21. Qc2 Bd5 22. Rf1 f5 23. exf6 Rxf6 24. Be5 Re6 25. h3 Qxg2+ 0-1

[Event "Olomouc op"]
[Site "Olomouc"]
[Date "2010.08.09"]
[Round "6"]
[White "Ageichenko, Genadi A"]
[Black "Mariano, Elia"]
[Result "1-0"]
[WhiteElo "2402"]
[BlackElo "2200"]
[PlyCount "80"]
[EventDate "2010.08.04"]
[EventType "swiss"]
[EventRounds "9"]
[EventCountry "CZE"]
[SourceTitle "CBM 137 Extra"]
[Source "ChessBase"]
[SourceDate "2010.09.01"]
[SourceVersion "1"]
[SourceVersionDate "2010.09.01"]
[SourceQuality "1"]

1. d4 d5 2. c4 e6 3. Nf3 c6 4. Nbd2 f5 5. g3 Nf6 6. Bg2 Bd6 7. Ne5 0-0 8. Ndf3 Ne4 9. 0-0 Nd7 10. Bf4 Ndf6 11. c5 Be7 12. Nd3 Qe8 13. Nfe5 Nh5 14. Bc1 Ng5 15. a4 Nf7 16. b4 a6 17. Rb1 g5 18. b5 axb5 19. axb5 Ng7 20. Qb3 Nxe5 21. Nxe5 cxb5 22. Bd2 Ra4 23. e3 Qh5 24. Qxb5 Ra2 25. Rb2 Rxb2 26. Qxb2 Rf6 27. Ra1 g4 28. Ra8 Rf8 29. Qb6 Bf6 30. Qc7 Bxe5 31. Qxe5 Qf7 32. Rb8 Nh5 33. Bb4 Re8 34. Ba5 Nf6 35. Qf4 Qg7 36. Bc7 Ne4 37. Bf1 Kf7 38. Bb5 Rg8 39. Bd8 Kg6 40. Rxc8 Nc3 1-0

[Event "Olomouc op"]
[Site "Olomouc"]
[Date "2010.08.08"]
[Round "5"]
[White "Mariano, Elia"]
[Black "Krapivin, Vladislav"]
[Result "1/2-1/2"]
[WhiteElo "2200"]
[BlackElo "2362"]
[PlyCount "82"]
[EventDate "2010.08.04"]
[EventType "swiss"]
[EventRounds "9"]
[EventCountry "CZE"]
[SourceTitle "CBM 137 Extra"]
[Source "ChessBase"]
[SourceDate "2010.09.01"]
[SourceVersion "1"]
[SourceVersionDate "2010.09.01"]
[SourceQuality "1"]

1. d4 Nf6 2. c4 d6 3. Nc3 Nbd7 4. e4 e5 5. d5 Be7 6. Nf3 0-0 7. Be2 c6 8. 0-0 a6 9. b4 Qc7 10. Bb2 cxd5 11. Nxd5 Nxd5 12. cxd5 b5 13. a4 bxa4 14. Qxa4 Nf6 15. Nd2 Bd7 16. Qb3 Qb7 17. Rfb1 Rfb8 18. Bc1 Bb5 19. Qe3 Rc8 20. Bxb5 Qxb5 21. Ra5 Qb7 22. Qd3 Bd8 23. Raa1 Qb5 24. Qxb5 axb5 25. Rxa8 Rxa8 26. f3 Bb6+ 27. Kf1 Ra4 28. Rb3 h5 29. Bb2 Ne8 30. Nb1 Nc7 31. Nc3 Ra8 32. Ra3 Bd4 33. Rxa8+ Nxa8 34. Nd1 Bb6 35. Nc3 Nc7 36. Ke2 Bd4 37. Nd1 Bg1 38. h3 Na6 39. Bc3 g6 40. Bd2 Bd4 41. Bc3 Bb6 1/2-1/2

[Event "Olomouc op"]
[Site "Olomouc"]
[Date "2010.08.06"]
[Round "3"]
[White "Mariano, Elia"]
[Black "Gunajew, Rafal"]
[Result "1/2-1/2"]
[WhiteElo "2200"]
[BlackElo "2324"]
[PlyCount "50"]
[EventDate "2010.08.04"]
[EventType "swiss"]
[EventRounds "9"]
[EventCountry "CZE"]
[SourceTitle "CBM 137 Extra"]
[Source "ChessBase"]
[SourceDate "2010.09.01"]
[SourceVersion "1"]
[SourceVersionDate "2010.09.01"]
[SourceQuality "1"]

1. d4 d5 2. c4 e6 3. Nc3 c6 4. cxd5 exd5 5. Qc2 g6 6. Bf4 Bf5 7. Qd2 Nf6 8. Nf3 Nbd7 9. e3 Qb6 10. Ne5 Nh5 11. Nxd7 Bxd7 12. Be5 f6 13. Bg3 Nxg3 14. hxg3 0-0-0 15. Bd3 Bd6 16. 0-0 Kb8 17. Na4 Qb4 18. Qxb4 Bxb4 19. a3 Bd6 20. b4 g5 21. Rfb1 h5 22. Nc5 h4 23. Nxd7+ Rxd7 24. g4 Re7 25. a4 Rc8 1/2-1/2